000 00473nam a2200181Ia 4500
001 17623
005 20260306171531.0
008 260306s9999||||xx |||||||||||||| ||und||
041 _aESP
082 _a658.1
_bM549 T. 12
100 _aMiyashiro Miyashiro, Isabel (comp.)
_eAUT
245 0 _aCasos de administración general en organizaciones que operan en el Perú
260 _c2002
300 _a
_c
650 _aGEN
654 _aCAN
942 _cLIB
_dJUS
_fJUS
_2ddc
_n
999 _c17623
_d17623